000 00635nam a22002057a 4500
999 _c15440
_d15440
003 AR-CdUCM
008 190427b ||||| |||| 00| 0 spa d
040 _aMUNICIPALIDAD PROVINCIAL DEL CUSCO
_cBIBLIOTECA MUNICIPAL DEL CUSCO
082 _a493 /
_bM79 / 1929
100 _aMontoya Chavez, Aguilar
_934508
245 _aCanciones escolares peruanas /
260 _aLima :
_bLit.Tip.T. Scheuch,
_c1929.
300 _a37 paginas ;
_c20 cm.
440 _nSerie II
_934509
505 _aContenido :Musica --Letra /
650 _aLiteratura peruana
_9169
650 _aMusica
_91443
942 _2ddc
_cLIBROS
945 _arjall
_d2019-04-27